| 000 | 00772nam a2200229Ii 4500 | ||
|---|---|---|---|
| 003 | JO-AjNU | ||
| 008 | 230605s9999||||xx |||||||||||||| ||und|| | ||
| 017 | _a2011/10/3667 | ||
| 020 | _a978-9957-32-676-0 | ||
| 040 |
_aJO-AjNU _bara _erda _cJO-AjNU |
||
| 041 | _aara | ||
| 050 | 1 | 4 | _aHD30.2.T58 2012 |
| 100 | 3 |
_aالطيطي، خضر مصباح, _eauthor _962163 |
|
| 245 | 0 | 0 | _aادارة تكنولوجيا المعلومات = Information Technolgy Management |
| 250 | _aط1 | ||
| 264 | 3 | 1 | _aعمان: دار الحامد للنشر والتوزيع، 2012 |
| 300 | _a360ص | ||
| 336 |
_atext _btxt _2rdacontent |
||
| 337 |
_aunmediated _bn _2rdamedia |
||
| 338 |
_avolume _bnc _2rdacarrier |
||
| 650 | 4 |
_aتكنولوجيا المعلومات-ادارة _962164 |
|
| 999 |
_aA28136 _c31704 _d31704 |
||